000 00425nam a2200181Ia 4500
008 240510s9999 xx 000 0 und d
020 _a0009556550518
041 _asih
082 _a320
082 _bE41
100 _aEKANAYAKE, E.M.W.
245 0 _aNidahasin Pasu Sri Lankawe Deshapalana Gamanmaga
260 _bColombo :Wasana Publishers
260 _c2007
300 _a238 p.
942 _2ddc
942 _cLBK
999 _c28545
_d28545
945 _a1
_bMadushi Gamage
_c1
_dMadushi Gamage